000 00424nam a2200157Ia 4500
003 GCL
008 140319s9999 xx 000 0 eng d
040 _aGCL /
_cGCL
082 0 4 _a323.6
_bM T
100 1 _aMAHMOUD, ABDOUN
245 1 0 _aTEMOIGNAGE D'UN MILITANT DU MOUVEMENT NATIONALISTE /
_cMAHMOUD, ABDOUN
260 _a[S.N] :
_bEDITIONS DAHLAB ،
_c1990
300 _a141 P
650 0 4 _aNATIONALISM
942 _2ddc
_cBK
999 _c20573
_d20573